CENTRUM DOKUMENTÁRNÍHO FILMU KNIHOVNA

logo MFDF Ji.hlavalogo DOK.REVUElogo Inspirační fórum

Na této zemi je pro co žít : (Záznam č. 1881)

Podrobnosti MARC
000 -LEADER
kontrolní pole pevné délky 03572nam a2201021 i 4500
001 - ŘÍDÍCÍ ČÍSLO
kontrolní pole nkc20243641922
003 - CONTROL NUMBER IDENTIFIER
kontrolní pole CZ PrSKC
005 - DATUM A ČAS POSLEDNÍHO ZPRACOVÁNÍ
kontrolní pole 20260424154313.0
007 - FYZICKÝ POPIS - SPECIFIKACE PRO TIŠTĚNÝ ČI RUKOPISNÝ (OKEM ČITELNÝ) TEXT
kontrolní pole pevné délky ta
008 - SPECIFIKACE PRO KNIHY A POKRAČUJÍCÍ ZDROJE
kontrolní pole pevné délky 241111s2024 xr a e 000 edcze
015 ## - ČÍSLO NÁRODNÍ BIBLIOGRAFIE
Číslo národní bibliografie cnb003641922
020 ## - MEZINÁRODNÍ STANDARDNÍ ČÍSLO KNIHY (ISBN)
ISBN 9788090908635
Kvalifikátor (brožováno)
035 ## - SYSTEM CONTROL NUMBER
System control number (OCoLC)1498300440
040 ## - CATALOGING SOURCE (Původ katalogizace)
Agentura zajišťující původní katalogizaci OLA001
Jazyk katalogizace cze
Použitá pravidla popisu rda
041 1# - kód jazyka
Kód jazyka textu cze
Kód jazyka originálu a/nebo předlohy pro překlad eng
043 ## - KÓD GEOGRAFICKÉ OBLASTI
Kód geografické oblasti aw-----
072 #7 - SKUPINA KONSPEKTU
Klasifikační znak skupiny Konspektu 323
Slovní vyjádření skupiny Konspektu Vnitropolitický vývoj, politický život
Zdroj Konspekt
080 ## - MEZINÁRODNÍ DESETINNÉ TŘÍDĚNÍ
Klasifikační znak MDT 94(569.4-076)
Vydání MRF
080 ## - MEZINÁRODNÍ DESETINNÉ TŘÍDĚNÍ
Klasifikační znak MDT 323.269.6(569.4-076)
Vydání MRF
080 ## - MEZINÁRODNÍ DESETINNÉ TŘÍDĚNÍ
Klasifikační znak MDT 327.57
Vydání MRF
080 ## - MEZINÁRODNÍ DESETINNÉ TŘÍDĚNÍ
Klasifikační znak MDT (5-15)
Vydání MRF
080 ## - MEZINÁRODNÍ DESETINNÉ TŘÍDĚNÍ
Klasifikační znak MDT (0:82-4)
Vydání MRF
080 ## - MEZINÁRODNÍ DESETINNÉ TŘÍDĚNÍ
Klasifikační znak MDT (0:82-94)
Vydání MRF
080 ## - MEZINÁRODNÍ DESETINNÉ TŘÍDĚNÍ
Klasifikační znak MDT (082)
Vydání MRF
100 1# - HLAVNI ZÁHLAVÍ - OSOBNÍ JMÉNO
Osobní jméno Abou Kharroub, Farah,
Data související se jménem 1993-
Relationship aut
245 10 - ÚDAJE O NÁZVU
Název Na této zemi je pro co žít :
Další údaje o názvu podněty k osvobození Palestiny /
Údaje o odpovědnosti Farrah Abou Kharroub, Nataša Dudinski, Petra Dvořáková, Joe Grim Feinberg, Shir Hever, Amal Khoury, Nadia Kotaishová, Nina Lakhani, Tereza Langrová (ed.), Mahmúd Muštahá, Ilham Rawoot, Prokop Singer, Hanín Zu'ábí
246 18 - VARIANTNÍ NÁZEV
Hlavní název/zkrácený název Podněty k osvobození Palestiny
250 ## - ÚDAJE O VYDÁNÍ
Označení vydání Vydání první
264 #1 - PRODUCTION, PUBLICATION, DISTRIBUTION, MANUFACTURE, AND COPYRIGHT NOTICE
Place of production, publication, distribution, manufacture Praha :
Name of producer, publisher, distributor, manufacturer Utopia libri,
Date of production, publication, distribution, manufacture, or copyright notice 2024
300 ## - FYZICKÝ POPIS
Rozsah 233 stran :
Další fyzické údaje ilustrace ;
Rozměry 18 cm
336 ## - CONTENT TYPE
Content type term text
Content type code txt
Zdroj rdacontent
337 ## - MEDIA TYPE
Media type term bez média
Media type code n
Zdroj rdamedia
338 ## - CARRIER TYPE
Carrier type term svazek
Carrier type code nc
Zdroj rdacarrier
500 ## - VŠEOBECNÁ POZNÁMKA
General note Z angličtiny? přeložily Marie Barvínková, Magdalena Jehličková, Ema Kovalčíková, Tereza Langrová
500 ## - VŠEOBECNÁ POZNÁMKA
General note Na obálce označení: 1396
504 ## - POZNÁMKA O BIBLIOGRAFII, ATD.
Bibliography, etc. note Obsahuje bibliografii a bibliografické odkazy
520 2# - ABSTRAKT, ATD.
Text poznámky Sborník obsahuje články o palestinské otázce, izraelsko-palestinském konfliktu nebo těžkém životě Palestinců v současném Izraeli. Najdeme zde rovněž příběhy Palestinců, které nás seznámí s jejich životními osudy i názory na nynější vojenský střet.
650 07 - VEDLEJŠÍ VĚCNÉ ZÁHLAVÍ - VĚCNÉ TÉMA
Topical term or geographic name entry element palestinská otázka
Zdroj záhlaví nebo termínu czenas
650 07 - VEDLEJŠÍ VĚCNÉ ZÁHLAVÍ - VĚCNÉ TÉMA
Topical term or geographic name entry element arabsko-izraelské konflikty
Zdroj záhlaví nebo termínu czenas
650 07 - VEDLEJŠÍ VĚCNÉ ZÁHLAVÍ - VĚCNÉ TÉMA
Topical term or geographic name entry element intifáda
Zdroj záhlaví nebo termínu czenas
650 07 - VEDLEJŠÍ VĚCNÉ ZÁHLAVÍ - VĚCNÉ TÉMA
Topical term or geographic name entry element mírová koexistence
Geografické zpřesnění Blízký východ
Zdroj záhlaví nebo termínu czenas
650 09 - VEDLEJŠÍ VĚCNÉ ZÁHLAVÍ - VĚCNÉ TÉMA
Topical term or geographic name entry element Palestinian question
Zdroj záhlaví nebo termínu eczenas
650 09 - VEDLEJŠÍ VĚCNÉ ZÁHLAVÍ - VĚCNÉ TÉMA
Topical term or geographic name entry element Israel-Arab conflicts
Zdroj záhlaví nebo termínu eczenas
650 09 - VEDLEJŠÍ VĚCNÉ ZÁHLAVÍ - VĚCNÉ TÉMA
Topical term or geographic name entry element intifada
Zdroj záhlaví nebo termínu eczenas
650 09 - VEDLEJŠÍ VĚCNÉ ZÁHLAVÍ - VĚCNÉ TÉMA
Topical term or geographic name entry element peaceful coexistence
Geografické zpřesnění Middle East
Zdroj záhlaví nebo termínu eczenas
655 #7 - REJSTŘÍKOVÝ TERMÍN -- žánr/forma
Žánr/forma či základní termín eseje
Source of term czenas
655 #7 - REJSTŘÍKOVÝ TERMÍN -- žánr/forma
Žánr/forma či základní termín vzpomínky
Source of term czenas
655 #7 - REJSTŘÍKOVÝ TERMÍN -- žánr/forma
Žánr/forma či základní termín sborníky
Source of term czenas
655 #9 - REJSTŘÍKOVÝ TERMÍN -- žánr/forma
Žánr/forma či základní termín essays
Source of term eczenas
655 #9 - REJSTŘÍKOVÝ TERMÍN -- žánr/forma
Žánr/forma či základní termín reminiscences
Source of term eczenas
655 #9 - REJSTŘÍKOVÝ TERMÍN -- žánr/forma
Žánr/forma či základní termín miscellanea
Source of term eczenas
700 1# - ADDED ENTRY--PERSONAL NAME
Osobní jméno Dudinski, Nataša,
Data související se jménem 1967-
Relationship aut
700 1# - ADDED ENTRY--PERSONAL NAME
Osobní jméno Dvořáková, Petra
Relationship aut
700 1# - ADDED ENTRY--PERSONAL NAME
Osobní jméno Feinberg, Joseph Grim,
Data související se jménem 1979-
Relationship aut
700 1# - ADDED ENTRY--PERSONAL NAME
Osobní jméno Chever, Šir,
Data související se jménem 1978-
Relationship aut
700 1# - ADDED ENTRY--PERSONAL NAME
Osobní jméno Khoury, Amal
Relationship aut
700 1# - ADDED ENTRY--PERSONAL NAME
Osobní jméno Kotaishová, Nadia
Relationship aut
700 1# - ADDED ENTRY--PERSONAL NAME
Osobní jméno Lakhani, Nina
Relationship aut
700 1# - ADDED ENTRY--PERSONAL NAME
Osobní jméno Langrová, Tereza
Relationship aut
-- edt
-- trl
700 1# - ADDED ENTRY--PERSONAL NAME
Osobní jméno Muštahá, Mahmúd
Relationship aut
700 1# - ADDED ENTRY--PERSONAL NAME
Osobní jméno Rawoot, Ilham
Relationship aut
700 1# - ADDED ENTRY--PERSONAL NAME
Osobní jméno Singer, Prokop
Relationship aut
700 1# - ADDED ENTRY--PERSONAL NAME
Osobní jméno Zoabi, Haneen,
Data související se jménem 1969-
Relationship aut
700 1# - ADDED ENTRY--PERSONAL NAME
Osobní jméno Barvínková, Marie
Relationship trl
700 1# - ADDED ENTRY--PERSONAL NAME
Osobní jméno Jehličková, Magdaléna,
Data související se jménem 1978-
Relationship trl
700 1# - ADDED ENTRY--PERSONAL NAME
Osobní jméno Kovalčíková, Ema
Relationship trl
900 ## - EQUIVALENCE OR CROSS-REFERENCE-PERSONAL NAME [LOCAL, CANADA]
Římské číslice 19
910 ## - USER-OPTION DATA (OCLC)
User-option data ABA001
910 ## - USER-OPTION DATA (OCLC)
User-option data ABA007
910 ## - USER-OPTION DATA (OCLC)
User-option data ABD001
910 ## - USER-OPTION DATA (OCLC)
User-option data ABD186
910 ## - USER-OPTION DATA (OCLC)
User-option data ABE301
910 ## - USER-OPTION DATA (OCLC)
User-option data ABE323
910 ## - USER-OPTION DATA (OCLC)
User-option data ABE334
910 ## - USER-OPTION DATA (OCLC)
User-option data ABE461
910 ## - USER-OPTION DATA (OCLC)
User-option data ABG001
910 ## - USER-OPTION DATA (OCLC)
User-option data BOA001
910 ## - USER-OPTION DATA (OCLC)
User-option data BOD001
910 ## - USER-OPTION DATA (OCLC)
User-option data BOD024
910 ## - USER-OPTION DATA (OCLC)
User-option data HKA001
910 ## - USER-OPTION DATA (OCLC)
User-option data KLG001
910 ## - USER-OPTION DATA (OCLC)
User-option data LIA001
910 ## - USER-OPTION DATA (OCLC)
User-option data OLA001
910 ## - USER-OPTION DATA (OCLC)
User-option data OLG001
910 ## - USER-OPTION DATA (OCLC)
User-option data PNA001
910 ## - USER-OPTION DATA (OCLC)
User-option data ULG001
942 ## - PŘIDANÉ VEDLEJŠÍ ZÁHLAVÍ (KOHA)
Source of classification or shelving scheme Dewey Decimal Classification
Koha item type Kniha
Suppress in OPAC No
Jednotky
Datum poslední evidence Přírůstkové číslo Total Checkouts Signatura Čárový kód Cena effektivně od Koha item type Stav ztráty Source of classification or shelving scheme Stav poškození Nelze vypůjčit Stav zrušení Home library Current library Umístění Datum zapsání
24.04.2026 1881   942/1881/FAR 942/1881/FAR 24.04.2026 Kniha   Dewey Decimal Classification       Centrum dokumentárního filmu Centrum dokumentárního filmu Dokumentární kniha 942 24.04.2026